LEADER 00885nam a2200217 i 4500 001 000000150117 003 CaOOAMICUS 005 20060503000000.0 008 060503s1982 it u000 u ita u 013 $a127454 040 $aSeMil$bita 100 1 $aRadice, Gianfranco,$d<1924-1993>.$0(OLS)http://semarc/name/3885 245 10$aFra Riccardo Pampuri :$bMedico, Chirurgo, Fatebenefratello, Beato /$cGianfranco Radice. 260 $aMilano :$b[s.n.],$c1982. 300 $a318 p. ;$c20 cm. 650 4$aRiccardo : Pampuri .$0(OLS)http://semarc/subject/6354 850 $aSeMil 852 $aSeMil$W1$xVenegono$y1$m3H II 69$j102285$B102285$CSeMilBibl$Z2$F111872 $81 961 $aOmaggio: Altro 996 $6245$aFra Riccardo Pampuri :$bMedico, Chirurgo, Fatebenefratello, Beato$9(OLS)http://semarc/title/219509 996 $6260$aMilano :$b[s.n.]$9(OLS)http://semarc/publisher/29709 LEADER 01203nam a2200241 i 4500 001 000000141382 003 CaOOAMICUS 005 20090827000000.0 008 090827s2005 it u000 u ita u 013 $a115797 020 $a88-8075-293-6 040 $aSeMil$bita 245 12$aL'amore più grande :$bEucarista e Sacerdozio : Lettere di Giovanni Paolo 2. ai Sacerdoti per il Giovedì Santo (1979-2005) /$ca cura di Leonardo Sapienza. 260 $aRoma :$bRogate,$cCopyr. 2005. 300 $a342 p. :$bill. ;$c25 cm. 650 4$aGiovanni Paolo II - Lettere ai sacerdoti - Giovedì Santo.$0(OLS)http://semarc/subject/7131 700 1 $aSapienza, Leonardo,$c.$0(OLS)http://semarc/name/39296 850 $aSeMil 852 $aSeMil$W1$xVenegono$y1$m2A V 15$j94626$B94626$CSeMilBibl$Z2$F100599 $81 961 $aOmaggio: Martinelli don Romano 996 $6020$a88-8075-293-6$9(OLS)http://semarc/number/129568 996 $6245$aL'amore più grande :$bEucarista e Sacerdozio : Lettere di Giovanni Paolo 2. ai Sacerdoti per il Giovedì Santo (1979-2005)$9(OLS)http://semarc/title/206592 996 $6260$aRoma :$bRogate$9(OLS)http://semarc/publisher/31830